| 000 | 00559nam a22001817a 4500 | ||
|---|---|---|---|
| 999 |
_c330632 _d330632 |
||
| 003 | NUST | ||
| 005 | 20170726153936.0 | ||
| 008 | 151003b xxu||||| |||| 00| 0 eng d | ||
| 020 | _a9694960371 | ||
| 040 | _cLIBRARY | ||
| 082 |
_a891.4391 _bANW |
||
| 100 |
_912832 _aAnwar Masood |
||
| 245 |
_aHun kya karye _cAnwar Masood |
||
| 260 |
_c1998 _aLahore: _bDost publications, |
||
| 300 | _a142 p. | ||
| 546 | _aIn Urdu | ||
| 650 |
_912834 _aUrdu Literature _xGeneral |
||
| 880 |
_6100-01\(3\r _aانور مسعود |
||
| 880 |
_6245-02\(3\r _aہن کیہ کریے؟ _cانور مسعود |
||
| 880 |
_6260-03\(3\r _aلاہور: _bدوست پبلی کیشنز، _c2011 |
||
| 942 |
_2ddc _cBK |
||